Rulers of Liechtenstein - Statistics

General Stats
  • This quiz has been taken 31 times
  • The average score is 10 of 13
Answer Stats
Years in Office Name % Correct
13 seit 1984/89 Hans-Adam II
91%
8 1805-1836 Johann I Josef
82%
4 1732-1748 Johann Nepomuk Karl
82%
11 1929-1938 Franz I
77%
6 1772-1781 Franz Josef I
77%
12 1938-1989 Franz Josef II
77%
10 1858-1929 Johann II
77%
3 1721-1732 Josef Johann Adam
77%
7 1781-1805 Alois I
73%
9 1836-1858 Alois II
73%
14 seit 2004/XX Erbprinz Alois
73%
1 1712-1718 Josef Wenzel
68%
2 1718-1721 Anton Florian
23%
No matching quizzes found
Score Distribution
Percent of People with Each Score
Percentile by Number Answered
Your Score History
You have not taken this quiz